LEADER 01133nam a2200277 i 4500 001 000000112083 003 CaOOAMICUS 005 20050927000000.0 008 050927s1971 fr u000 u fre u 013 $a84767 040 $aSeMil$bita 100 1 $aAdéma, Pierre-Marcel.$0(OLS)http://semarc/name/46976 245 10$aAlbum Apollinaire /$ciconographie réunie et commentée par Pierre-Marcel Adéma et Michel Décaudin. 260 $a[Paris] :$bGallimard,$ccopyr. 1971. 300 $a315 p. :$briccamente ill. ;$c18 cm. 490 0 $aBibliothèque de la pléiade 500 $aFondo Ciprandi. 600 14$aApollinaire, Guillaume <1880-1918>.$0(OLS)http://semarc/subject/15613 700 1 $aDécaudin, Michel.$0(OLS)http://semarc/name/18617 830 0$aBibliothèque de la Pléiade.$0(OLS)http://semarc/title/42418 850 $aSeMil 852 $aSeMil$W1$xVenegono$y1$m5P I 3$j67872$B67872$CSeMilBibl$Z2$F103446 $81 941 1 $a1 961 $aOmaggio: Ciprandi dott. Paolo 996 $6245$aAlbum Apollinaire$9(OLS)http://semarc/title/163339 996 $6260$a[Paris] :$bGallimard$9(OLS)http://semarc/publisher/30050 LEADER 01506nam a2200313 i 4500 001 000000114449 003 CaOOAMICUS 005 20240408113951.0 008 030416s1994 it u000 u mul u 013 $a87135 020 $a88-427-0285-4 040 $aSeMil$bita 100 1 $aConio, Caterina <1929-1996>.$0(OLS)http://semarc/name/46540 245 13$aLa parola creatrice in India e nel Medio Oriente :$batti del Seminario della Facoltà di Lettere dell'Università di Pisa, 29-31 maggio 1991 /$ca cura di Caterina Conio. 260 $aAgnano Pisano ; Pisa :$bGiardini,$ccopyr. 1994. 300 $a250 p. ;$c25 cm. 490 0 $aBiblioteca di filosofie e religioni comparate ;$v1 500 $aFondo Card. C.M. Martini. 650 4$aMedio Oriente - Mito.$0(OLS)http://semarc/subject/55463 650 4$aIndia - Mito.$0(OLS)http://semarc/subject/55462 830 0$aBiblioteca di filosofie e religioni comparate ;$v1.$0(OLS)http://semarc/title/12041 850 $aSeMil 852 $aSeMil$W1$xVenegono$y1$m2R V 80$j70019$B70019$CSeMilBibl$Z2$F98429 $81 941 1 $a4 961 $aOmaggio: Martini Card. Carlo Maria 996 $6020$a88-427-0285-4$9(OLS)http://semarc/number/97775 996 $6245$aLa parola creatrice in India e nel Medio Oriente :$batti del Seminario della Facoltà di Lettere dell'Università di Pisa, 29-31 maggio 1991$9(OLS)http://semarc/title/167292 996 $6260$aAgnano Pisano ; Pisa :$bGiardini$9(OLS)http://semarc/publisher/32134